|
|
|
|
| LEADER |
00000nam a22000007a 4500 |
| 005 |
20190813131433.0 |
| 007 |
cr|||| |||| |
| 008 |
190813s2019 co |||||s|||| 00||0 spa d |
| 020 |
|
|
|a 978-958-784-188-6
|
| 035 |
|
|
|a 24006
|
| 040 |
|
|
|a vLex
|
| 090 |
|
|
|c 9162
|d 9162
|
| 100 |
1 |
|
|a Medina Pabn̤, Juan Enrique
|
| 245 |
1 |
0 |
|a Derecho Civil Bienes
|h [Recurso electrn̤ico] :
|b Derechos reales /
|c Juan Enrique Medina Pabn̤
|
| 250 |
|
|
|a Segunda edicin̤
|
| 256 |
|
|
|a Servicio en ln̕ea
|
| 260 |
|
|
|a Bogot:̀
|b Editorial Universidad de Rosario (Colombia),
|c 2019
|
| 300 |
|
|
|a 1 recurso electrn̤ico
|
| 500 |
|
|
|a El rǧimen jurd̕ico sobre la propiedad y los dems̀ derechos reales, as ̕como los diversos elementos de interš que son el objeto de tales derechos, si bien mantiene su enfoque filosf̤ico primario, ha sufrido transformaciones fundamentales en su modo de ejercicio, especialmente por la dinm̀ica que le imprimen la reglamentacin̤ de las leyes y las decisiones jurisprudenciales, que exigen una actualizacin̤ permanente de los textos de enseąnza y consulta e hicieron necesaria esta segunda edicin̤, en la que, adems̀ de poner al da̕ el contenido, se hicieron las correcciones y subsanaron vaco̕s que se advirtieron en la edicin̤ precedente. Comprende este trabajo la determinacin̤ y clasificacin̤ de los bienes, incluyendo aquellos otros elementos que, por falta de rigor intelectual de legisladores y juristas de todos los tiempos, terminaron recibiendo un tratamiento similar al que el Derecho dio a las cosas fs̕icas. Se estudia luego el rǧimen de la propiedad y los dems̀ derechos subjetivos de carc̀ter real, con la explicacin̤ de los medios de obtencin̤, conservacin̤, trasmisin̤, extincin̤ y prueba. Si bien la exposicin̤ est ̀concebida como herramienta de informacin̤ y comprensin̤ de los aspectos fundamentales en esta r̀ea del Derecho Civil, se ha tratado de abarcar la mayor cantidad de asuntos de interš para el estudioso y se seąlan, sin cortapisas reverenciales, las falencias o vaco̕s que pueden apreciarse en el sistema jurd̕ico o en las soluciones doctrinarias o jurisprudenciales en puntos determinados, dejando abierto el espacio a la crt̕ica. Palabras clave: Derecho civil, hacienda pb︢lica, polt̕ica fiscal, propiedad, bienes.
|
| 506 |
1 |
|
|a Disponible solo en los productos indicados
|d vLex Global
|d vLex Global (Academic Edition, excluding Law Schools)
|d vLex Global (U.S. Academic Edition, Law Schools)
|d vLex Global (U.S. Academic Edition, excluding Law Schools)
|d vLex Global (Academic Edition, Law Schools)
|
| 650 |
0 |
4 |
|a Derecho Civil
|z Colombia
|
| 740 |
0 |
|
|a vLex Libros (Servicio en ln̕ea)
|
| 856 |
4 |
0 |
|u http://vlex.com/source/derecho-civil-bienes-derechos-reales-segunda-edicion-24006
|z Acceso restringido
|
| 942 |
|
|
|c BOOK
|
| 999 |
0 |
|
|a Civil Law
|